| 000 | 00850nam a2200241Ia 4500 | ||
|---|---|---|---|
| 003 | OSt | ||
| 005 | 20260112165338.0 | ||
| 008 | 220922b |||||||| |||| 00| 0 hin d | ||
| 020 | _a8170551641 (hbk) | ||
| 037 | _cTB | ||
| 040 |
_aAL _cAL _bhin |
||
| 041 |
_2hin _ahin |
||
| 084 |
_aO152,1J32:g P2 _qAL |
||
| 100 |
_aराय, लल्लन _9157013 |
||
| 245 | 0 | _aतुलसी की साहित्य - साधना | |
| 246 | _aTulasī kī sāhitya - sādhanā | ||
| 260 |
_aनयी दिल्ली: _bवाणी प्रकाशन, _c2002. |
||
| 300 |
_a160पृ. _ccm. |
||
| 365 |
_b90 _cINR |
||
| 650 |
_aहिन्दी साहित्य _9156264 |
||
| 942 |
_hO152,1J32:g P2 _cTB _2CC _n0 |
||
| 999 |
_c293734 _d293734 |
||